000 00484nam a2200181 i 4500
001 bgj
100 1 _aPFEIFFER, Johannes.
245 1 0 _aZwischen Dichtung und Philosophie :
_bgesammelte Äufsatze /
_cJohaness Pfeiffer.
260 _aBremen :
_bJohs. Storm Verlag,
_c1947.
300 _a223 s. ;
_c22 cm.
650 9 _aLiteratura niemiecka
040 _cBPK
041 0 _ager
044 _aDEU
080 _a821.112.2
942 _cKS
008 s gw f |000 0 ger
999 _c50469
_d50469
856 _uhttp://koha.tu.koszalin.pl/cgi-bin/koha/opac-detail.pl?biblionumber=50469
_yKatalog online BPK